[Event "ODJM B 2025"]
[Site "Willingen GER"]
[Date "2025.06.10"]
[Round "4"]
[White "Ensslen, Jakob"]
[Black "Wolf, Helena"]
[Result "1-0"]
[Termination "normal"]
[Board "15"]
[WhiteElo "1682"]
[BlackElo "1702"]
[WhiteClock "00:09:46"]
[BlackClock "00:08:37"]
[PlyCount "67"]
[WhiteFideId "34640258"]
[BlackFideId "34671030"]
[EventCountry "GER"]
[EventRounds "9"]
[EventType "swiss"]
[EventDate "2025.06.07"]

1. e4 {[%clk 01:30:56]} {[%emt 00:00:03]} c5 {[%clk 01:30:54]} {[%emt
00:00:07]} 2. Nf3 {[%clk 01:31:21]} {[%emt 00:00:05]} d6 {[%clk 01:31:20]}
{[%emt 00:00:04]} 3. d4 {[%clk 01:31:46]} {[%emt 00:00:04]} cxd4 {[%clk
01:31:45]} {[%emt 00:00:04]} 4. Nxd4 {[%clk 01:32:12]} {[%emt 00:00:04]} Nf6
{[%clk 01:32:10]} {[%emt 00:00:05]} 5. Nc3 {[%clk 01:32:37]} {[%emt 00:00:06]}
g6 {[%clk 01:32:36]} {[%emt 00:00:05]} 6. Be3 {[%clk 01:32:56]} {[%emt
00:00:10]} Bg7 {[%clk 01:32:55]} {[%emt 00:00:11]} 7. f3 {[%clk 01:33:19]}
{[%emt 00:00:07]} O-O {[%clk 01:33:20]} {[%emt 00:00:05]} 8. Qd2 {[%clk
01:33:43]} {[%emt 00:00:06]} Nc6 {[%clk 01:33:44]} {[%emt 00:00:06]} 9. g4
{[%clk 01:34:07]} {[%emt 00:00:05]} d5 {[%clk 01:23:25]} {[%emt 00:10:49]} 10.
g5 {[%clk 01:28:25]} {[%emt 00:06:13]} Nh5 {[%clk 01:16:37]} {[%emt 00:07:17]}
11. exd5 {[%clk 01:23:07]} {[%emt 00:05:50]} Nb4 {[%clk 01:06:28]} {[%emt
00:10:38]} 12. Bc4 {[%clk 01:17:45]} {[%emt 00:05:51]} e5 {[%clk 00:38:34]}
{[%emt 00:28:25]} 13. Nde2 {[%clk 01:04:23]} {[%emt 00:13:52]} Bf5 {[%clk
00:35:06]} {[%emt 00:03:58]} 14. Ne4 {[%clk 00:59:41]} {[%emt 00:05:12]} Qa5
{[%clk 00:30:49]} {[%emt 00:04:46]} 15. Bb3 {[%clk 00:55:28]} {[%emt 00:04:44]}
b6 {[%clk 00:18:57]} {[%emt 00:12:22]} 16. a3 {[%clk 00:49:45]} {[%emt
00:06:14]} Na6 {[%clk 00:18:39]} {[%emt 00:00:47]} 17. Qxa5 {[%clk 00:47:30]}
{[%emt 00:02:44]} bxa5 {[%clk 00:19:04]} {[%emt 00:00:05]} 18. O-O {[%clk
00:41:18]} {[%emt 00:06:43]} Rfe8 {[%clk 00:17:09]} {[%emt 00:02:26]} 19. N2g3
{[%clk 00:30:53]} {[%emt 00:10:55]} Nxg3 {[%clk 00:16:44]} {[%emt 00:00:53]}
20. hxg3 {[%clk 00:29:39]} {[%emt 00:01:45]} Bd7 {[%clk 00:15:54]} {[%emt
00:01:17]} 21. Rfd1 {[%clk 00:25:55]} {[%emt 00:04:17]} Kf8 {[%clk 00:14:59]}
{[%emt 00:01:24]} 22. Bc4 {[%clk 00:21:40]} {[%emt 00:04:46]} Nc7 {[%clk
00:14:20]} {[%emt 00:01:09]} 23. Be2 {[%clk 00:21:05]} {[%emt 00:01:05]} Rab8
{[%clk 00:13:02]} {[%emt 00:01:48]} 24. b3 {[%clk 00:19:13]} {[%emt 00:02:23]}
a6 {[%clk 00:12:28]} {[%emt 00:01:03]} 25. a4 {[%clk 00:17:28]} {[%emt
00:02:15]} Ra8 {[%clk 00:12:29]} {[%emt 00:00:29]} 26. c4 {[%clk 00:16:57]}
{[%emt 00:01:01]} Reb8 {[%clk 00:11:15]} {[%emt 00:01:44]} 27. Rab1 {[%clk
00:16:21]} {[%emt 00:01:06]} Ne8 {[%clk 00:10:40]} {[%emt 00:01:04]} 28. c5
{[%clk 00:15:19]} {[%emt 00:01:33]} f5 {[%clk 00:09:44]} {[%emt 00:01:26]} 29.
gxf6 {[%clk 00:14:28]} {[%emt 00:01:21]} Nxf6 {[%clk 00:10:02]} {[%emt
00:00:11]} 30. Nxf6 {[%clk 00:12:08]} {[%emt 00:02:51]} Bxf6 {[%clk 00:10:26]}
{[%emt 00:00:06]} 31. c6 {[%clk 00:12:08]} {[%emt 00:00:30]} Bf5 {[%clk
00:10:02]} {[%emt 00:00:53]} 32. Bd3 {[%clk 00:10:21]} {[%emt 00:02:18]} Bc8
{[%clk 00:09:51]} {[%emt 00:00:40]} 33. Be4 {[%clk 00:09:47]} {[%emt 00:01:05]}
Ke8 {[%clk 00:08:37]} {[%emt 00:01:43]} 34. d6 {[%clk 00:09:46]} {[%emt
00:00:31]} 1-0

[Event "ODJM B 2025"]
[Site "Willingen GER"]
[Date "2025.06.10"]
[Round "4"]
[White "Rutkowski, Lian"]
[Black "He, Saiqi"]
[Result "1-0"]
[Termination "normal"]
[Board "16"]
[WhiteElo "1815"]
[BlackElo "1700"]
[WhiteClock "00:16:25"]
[BlackClock "00:53:52"]
[PlyCount "82"]
[WhiteFideId "34650539"]
[BlackFideId "16292723"]
[EventCountry "GER"]
[EventRounds "9"]
[EventType "swiss"]
[EventDate "2025.06.07"]

1. d4 {[%clk 01:30:59]} Nf6 {[%clk 01:30:25]} {[%emt 00:00:36]} 2. c4 {[%clk
01:31:16]} {[%emt 00:00:12]} g6 {[%clk 01:30:48]} {[%emt 00:00:08]} 3. Nf3
{[%clk 01:30:52]} {[%emt 00:00:54]} Bg7 {[%clk 01:31:06]} {[%emt 00:00:12]} 4.
g3 {[%clk 01:31:15]} {[%emt 00:00:07]} b6 {[%clk 01:30:27]} {[%emt 00:01:10]}
5. Bg2 {[%clk 01:31:36]} {[%emt 00:00:08]} Bb7 {[%clk 01:30:49]} {[%emt
00:00:07]} 6. O-O {[%clk 01:31:50]} {[%emt 00:00:15]} O-O {[%clk 01:30:38]}
{[%emt 00:00:42]} 7. Nc3 {[%clk 01:32:15]} {[%emt 00:00:05]} d6 {[%clk
01:30:53]} {[%emt 00:00:15]} 8. Qc2 {[%clk 01:31:55]} {[%emt 00:00:50]} c5
{[%clk 01:30:33]} {[%emt 00:00:51]} 9. d5 {[%clk 01:31:34]} {[%emt 00:00:51]}
Nbd7 {[%clk 01:29:38]} {[%emt 00:01:26]} 10. e4 {[%clk 01:31:44]} {[%emt
00:00:19]} Ng4 {[%clk 01:29:28]} {[%emt 00:00:40]} 11. Nd2 {[%clk 01:28:19]}
{[%emt 00:03:55]} Nge5 {[%clk 01:25:46]} {[%emt 00:04:12]} 12. h3 {[%clk
01:28:14]} {[%emt 00:00:34]} Nf6 {[%clk 01:24:39]} {[%emt 00:01:37]} 13. f4
{[%clk 01:28:12]} {[%emt 00:00:33]} Ned7 {[%clk 01:24:59]} {[%emt 00:00:10]}
14. Nf3 {[%clk 01:26:45]} {[%emt 00:01:56]} Qc7 {[%clk 01:24:05]} {[%emt
00:01:25]} 15. Bd2 {[%clk 01:19:23]} {[%emt 00:07:51]} e6 {[%clk 01:22:05]}
{[%emt 00:02:29]} 16. Nb5 {[%clk 01:02:21]} {[%emt 00:17:33]} Qb8 {[%clk
01:21:39]} {[%emt 00:00:56]} 17. a4 {[%clk 00:52:11]} {[%emt 00:10:40]} exd5
{[%clk 01:18:52]} {[%emt 00:03:18]} 18. cxd5 {[%clk 00:52:13]} {[%emt
00:00:27]} Ba6 {[%clk 01:18:00]} {[%emt 00:01:21]} 19. Bc3 {[%clk 00:47:38]}
{[%emt 00:05:06]} Bxb5 {[%clk 01:16:41]} {[%emt 00:01:50]} 20. axb5 {[%clk
00:46:07]} {[%emt 00:02:01]} Re8 {[%clk 01:08:50]} {[%emt 00:08:21]} 21. Nd2
{[%clk 00:44:29]} {[%emt 00:02:07]} a5 {[%clk 01:01:01]} {[%emt 00:08:20]} 22.
bxa6 {[%clk 00:42:35]} {[%emt 00:02:24]} Ra7 {[%clk 00:58:58]} {[%emt
00:02:33]} 23. Ra2 {[%clk 00:35:02]} {[%emt 00:08:02]} b5 {[%clk 00:58:18]}
{[%emt 00:01:10]} 24. b3 {[%clk 00:35:14]} {[%emt 00:00:18]} Qb6 {[%clk
00:58:33]} {[%emt 00:00:15]} 25. Rfa1 {[%clk 00:32:32]} {[%emt 00:03:12]} b4
{[%clk 00:57:14]} {[%emt 00:01:50]} 26. Nc4 {[%clk 00:32:14]} {[%emt 00:00:47]}
Qc7 {[%clk 00:56:39]} {[%emt 00:01:04]} 27. Bb2 {[%clk 00:32:07]} {[%emt
00:00:38]} Nb6 {[%clk 00:56:18]} {[%emt 00:00:52]} 28. e5 {[%clk 00:26:18]}
{[%emt 00:06:19]} Nfxd5 {[%clk 00:55:22]} {[%emt 00:01:25]} 29. Nxd6 {[%clk
00:26:21]} {[%emt 00:00:27]} Rea8 {[%clk 00:54:07]} {[%emt 00:01:45]} 30. Nb5
{[%clk 00:25:57]} {[%emt 00:00:53]} Qe7 {[%clk 00:54:24]} {[%emt 00:00:14]} 31.
Nxa7 {[%clk 00:26:03]} {[%emt 00:00:24]} Rxa7 {[%clk 00:54:50]} {[%emt
00:00:04]} 32. Qd3 {[%clk 00:24:07]} {[%emt 00:02:25]} Qe6 {[%clk 00:54:22]}
{[%emt 00:00:58]} 33. Rd1 {[%clk 00:22:59]} {[%emt 00:01:39]} Ne7 {[%clk
00:53:50]} {[%emt 00:01:03]} 34. Kh2 {[%clk 00:17:36]} {[%emt 00:05:52]} Rd7
{[%clk 00:53:12]} {[%emt 00:01:09]} 35. Qc2 {[%clk 00:17:26]} {[%emt 00:00:39]}
Nec8 {[%clk 00:52:48]} {[%emt 00:00:55]} 36. Rxd7 {[%clk 00:17:28]} {[%emt
00:00:27]} Qxd7 {[%clk 00:53:11]} {[%emt 00:00:07]} 37. Qxc5 {[%clk 00:17:26]}
{[%emt 00:00:32]} Bf8 {[%clk 00:53:18]} {[%emt 00:00:23]} 38. Qc6 {[%clk
00:17:32]} {[%emt 00:00:24]} Qd3 {[%clk 00:53:08]} {[%emt 00:00:41]} 39. a7
{[%clk 00:17:18]} {[%emt 00:00:43]} Qxb3 {[%clk 00:53:27]} {[%emt 00:00:11]}
40. a8=Q {[%clk 00:17:21]} {[%emt 00:00:28]} Nxa8 {[%clk 00:53:40]} {[%emt
00:00:17]} 41. Rxa8 {[%clk 00:16:25]} {[%emt 00:01:25]} Qxb2 {[%clk 00:53:52]}
{[%emt 00:00:19]} 1-0

[Event "ODJM B 2025"]
[Site "Willingen GER"]
[Date "2025.06.10"]
[Round "4"]
[White "Ihle, Ben"]
[Black "Dominik, Anton"]
[Result "0-1"]
[Termination "normal"]
[Board "17"]
[WhiteElo "1752"]
[BlackElo "2015"]
[WhiteClock "00:01:43"]
[BlackClock "00:01:50"]
[PlyCount "76"]
[WhiteFideId "533020566"]
[BlackFideId "34694501"]
[EventCountry "GER"]
[EventRounds "9"]
[EventType "swiss"]
[EventDate "2025.06.07"]

1. d4 {[%clk 01:30:58]} {[%emt 00:00:02]} Nf6 {[%clk 01:30:42]} {[%emt
00:00:18]} 2. c4 {[%clk 01:31:09]} {[%emt 00:00:20]} g6 {[%clk 01:31:00]}
{[%emt 00:00:11]} 3. Nc3 {[%clk 01:31:26]} {[%emt 00:00:13]} d5 {[%clk
01:31:07]} {[%emt 00:00:23]} 4. cxd5 {[%clk 01:31:52]} {[%emt 00:00:03]} Nxd5
{[%clk 01:31:24]} {[%emt 00:00:14]} 5. e4 {[%clk 01:32:18]} {[%emt 00:00:04]}
Nxc3 {[%clk 01:31:42]} {[%emt 00:00:12]} 6. bxc3 {[%clk 01:32:44]} {[%emt
00:00:04]} Bg7 {[%clk 01:32:02]} {[%emt 00:00:10]} 7. Bg5 {[%clk 01:33:10]}
{[%emt 00:00:04]} c5 {[%clk 01:28:00]} {[%emt 00:04:33]} 8. Rc1 {[%clk
01:33:36]} {[%emt 00:00:04]} O-O {[%clk 01:27:09]} {[%emt 00:01:20]} 9. d5
{[%clk 01:32:44]} {[%emt 00:01:22]} Qa5 {[%clk 01:17:37]} {[%emt 00:10:02]} 10.
Qd2 {[%clk 01:32:10]} {[%emt 00:01:04]} b5 {[%emt 00:30:38]} 11. f4 {[%clk
01:12:09]} Nd7 {[%clk 00:55:26]} {[%emt 00:13:04]} 12. Bd3 {[%clk 01:07:05]}
{[%emt 00:05:34]} e6 {[%clk 00:48:19]} {[%emt 00:07:37]} 13. Ne2 {[%clk
01:02:31]} {[%emt 00:05:03]} exd5 {[%clk 00:45:24]} {[%emt 00:03:26]} 14. exd5
{[%clk 01:02:45]} {[%emt 00:00:16]} Nf6 {[%clk 00:42:16]} {[%emt 00:03:37]} 15.
O-O {[%clk 01:01:06]} {[%emt 00:02:10]} Nxd5 {[%clk 00:36:56]} {[%emt
00:05:51]} 16. Be4 {[%clk 00:58:51]} {[%emt 00:02:45]} Nc7 {[%clk 00:31:47]}
{[%emt 00:05:38]} 17. Bxa8 {[%clk 00:58:51]} {[%emt 00:00:30]} Nxa8 {[%clk
00:31:42]} {[%emt 00:00:35]} 18. Be7 {[%clk 00:55:30]} {[%emt 00:03:50]} Re8
{[%clk 00:31:41]} {[%emt 00:00:33]} 19. Bxc5 {[%clk 00:55:41]} {[%emt
00:00:18]} Nb6 {[%clk 00:31:14]} {[%emt 00:00:57]} 20. Bxb6 {[%clk 00:53:49]}
{[%emt 00:02:22]} Qxb6+ {[%clk 00:31:00]} {[%emt 00:00:44]} 21. Kh1 {[%clk
00:49:07]} {[%emt 00:05:12]} Bb7 {[%clk 00:29:34]} {[%emt 00:01:57]} 22. Ng3
{[%clk 00:46:47]} {[%emt 00:02:49]} h5 {[%clk 00:25:44]} {[%emt 00:04:20]} 23.
Ne2 {[%clk 00:36:16]} {[%emt 00:11:01]} Qe6 {[%clk 00:17:27]} {[%emt 00:08:47]}
24. Ng1 {[%clk 00:33:02]} {[%emt 00:03:44]} Qg4 {[%clk 00:16:09]} {[%emt
00:01:48]} 25. Nf3 {[%clk 00:28:00]} {[%emt 00:05:32]} Bh6 {[%clk 00:12:59]}
{[%emt 00:03:40]} 26. Nd4 {[%clk 00:18:19]} {[%emt 00:10:11]} h4 {[%clk
00:10:44]} {[%emt 00:02:45]} 27. Kg1 {[%clk 00:16:31]} {[%emt 00:02:17]} h3
{[%clk 00:08:58]} {[%emt 00:02:16]} 28. g3 {[%clk 00:16:39]} {[%emt 00:00:22]}
Bg7 {[%clk 00:08:36]} {[%emt 00:00:53]} 29. Qd1 {[%clk 00:11:09]} {[%emt
00:06:00]} Qd7 {[%clk 00:07:01]} {[%emt 00:02:05]} 30. Nf3 {[%clk 00:11:30]}
{[%emt 00:00:08]} Qc6 {[%clk 00:06:10]} {[%emt 00:01:23]} 31. Qd3 {[%clk
00:10:30]} {[%emt 00:01:29]} Bf8 {[%clk 00:05:45]} {[%emt 00:00:55]} 32. c4
{[%clk 00:08:11]} {[%emt 00:02:49]} Bc5+ {[%clk 00:05:04]} {[%emt 00:01:11]}
33. Kh1 {[%clk 00:08:35]} {[%emt 00:00:06]} Re3 {[%clk 00:03:39]} {[%emt
00:01:54]} 34. Qd5 {[%clk 00:07:16]} {[%emt 00:01:49]} bxc4 {[%clk 00:02:32]}
{[%emt 00:01:38]} 35. Qd8+ {[%clk 00:00:36]} {[%emt 00:07:10]} Kg7 {[%clk
00:02:35]} {[%emt 00:00:28]} 36. Qg5 {[%clk 00:00:50]} {[%emt 00:00:15]} Qxf3+
{[%clk 00:01:59]} {[%emt 00:01:06]} 37. Rxf3 {[%clk 00:01:15]} {[%emt
00:00:05]} Bxf3+ {[%clk 00:02:17]} {[%emt 00:00:12]} 38. Kg1 {[%clk 00:01:43]}
{[%emt 00:00:02]} Re1# {[%clk 00:01:50]} {[%emt 00:00:25]} 0-1

[Event "ODJM B 2025"]
[Site "Willingen GER"]
[Date "2025.06.10"]
[Round "4"]
[White "Völpel, Alexander"]
[Black "Geschke, David"]
[Result "0-1"]
[Termination "normal"]
[Board "18"]
[WhiteElo "1709"]
[BlackElo "1824"]
[WhiteClock "00:39:20"]
[BlackClock "00:35:46"]
[PlyCount "48"]
[WhiteFideId "34603131"]
[BlackFideId "34619658"]
[EventCountry "GER"]
[EventRounds "9"]
[EventType "swiss"]
[EventDate "2025.06.07"]

1. e4 {[%clk 01:30:57]} {[%emt 00:00:03]} e5 {[%clk 01:30:59]} {[%emt
00:00:01]} 2. Nf3 {[%clk 01:31:21]} {[%emt 00:00:07]} Nc6 {[%clk 01:31:16]}
{[%emt 00:00:13]} 3. Bc4 {[%clk 01:31:43]} {[%emt 00:00:08]} Bc5 {[%clk
01:31:42]} {[%emt 00:00:04]} 4. Nc3 {[%clk 01:31:32]} {[%emt 00:00:41]} Nf6
{[%clk 01:31:14]} {[%emt 00:00:57]} 5. a3 {[%clk 01:30:52]} {[%emt 00:01:11]}
d6 {[%clk 01:29:32]} {[%emt 00:02:11]} 6. Na4 {[%clk 01:30:42]} {[%emt
00:00:41]} Bb6 {[%clk 01:24:07]} {[%emt 00:05:54]} 7. Nxb6 {[%clk 01:30:38]}
{[%emt 00:00:35]} axb6 {[%clk 01:24:25]} {[%emt 00:00:12]} 8. d3 {[%clk
01:30:36]} {[%emt 00:00:32]} Bg4 {[%clk 01:23:42]} {[%emt 00:01:13]} 9. h3
{[%clk 01:30:11]} {[%emt 00:00:55]} Bh5 {[%clk 01:23:16]} {[%emt 00:00:54]} 10.
c3 {[%clk 01:24:46]} {[%emt 00:05:57]} h6 {[%clk 01:19:13]} {[%emt 00:04:31]}
11. b4 {[%clk 01:21:20]} {[%emt 00:03:58]} d5 {[%clk 01:10:02]} {[%emt
00:09:40]} 12. exd5 {[%clk 01:18:16]} {[%emt 00:03:35]} Nxd5 {[%clk 01:10:15]}
{[%emt 00:00:16]} 13. g4 {[%clk 01:11:09]} {[%emt 00:07:37]} Bg6 {[%clk
01:08:59]} {[%emt 00:01:48]} 14. Bb2 {[%clk 01:06:28]} {[%emt 00:05:10]} Nf4
{[%clk 01:06:06]} {[%emt 00:03:22]} 15. d4 {[%clk 00:57:01]} {[%emt 00:09:57]}
e4 {[%clk 01:04:42]} {[%emt 00:01:54]} 16. Nd2 {[%clk 00:45:33]} {[%emt
00:11:58]} Qh4 {[%clk 01:00:12]} {[%emt 00:05:00]} 17. Nf1 {[%clk 00:42:53]}
{[%emt 00:03:11]} Ng2+ {[%clk 00:52:10]} {[%emt 00:08:32]} 18. Ke2 {[%clk
00:43:03]} {[%emt 00:00:19]} h5 {[%clk 00:49:09]} {[%emt 00:03:32]} 19. Kd2
{[%clk 00:41:25]} {[%emt 00:02:07]} Qxf2+ {[%clk 00:46:57]} {[%emt 00:02:41]}
20. Qe2 {[%clk 00:41:45]} {[%emt 00:00:10]} Qxe2+ {[%clk 00:44:38]} {[%emt
00:02:50]} 21. Bxe2 {[%clk 00:42:07]} {[%emt 00:00:09]} hxg4 {[%clk 00:44:41]}
{[%emt 00:00:26]} 22. Bxg4 {[%clk 00:41:45]} {[%emt 00:00:53]} f5 {[%clk
00:44:30]} {[%emt 00:00:40]} 23. Be2 {[%clk 00:40:50]} {[%emt 00:01:25]} f4
{[%clk 00:40:55]} {[%emt 00:04:05]} 24. Rh2 {[%clk 00:39:20]} {[%emt 00:01:59]}
Nh4 {[%clk 00:35:46]} {[%emt 00:05:39]} 0-1

[Event "ODJM B 2025"]
[Site "Willingen GER"]
[Date "2025.06.10"]
[Round "4"]
[White "Oblender, Rudi"]
[Black "Magezi, Noah"]
[Result "1-0"]
[Termination "normal"]
[Board "19"]
[WhiteElo "1761"]
[BlackElo "1607"]
[WhiteClock "01:29:51"]
[BlackClock "00:31:19"]
[PlyCount "57"]
[WhiteFideId "34625089"]
[BlackFideId "34696113"]
[EventCountry "GER"]
[EventRounds "9"]
[EventType "swiss"]
[EventDate "2025.06.07"]

1. e4 {[%clk 01:30:58]} {[%emt 00:00:03]} d5 {[%clk 01:30:57]} {[%emt
00:00:03]} 2. exd5 {[%clk 01:31:25]} {[%emt 00:00:03]} Nf6 {[%clk 01:31:21]}
{[%emt 00:00:05]} 3. Nf3 {[%clk 01:31:48]} {[%emt 00:00:07]} Nxd5 {[%emt
00:00:58]} 4. c4 {[%clk 01:31:29]} Nb4 {[%clk 01:31:07]} {[%emt 00:01:06]} 5.
d4 {[%clk 01:31:41]} {[%emt 00:00:18]} Bf5 {[%clk 01:30:29]} {[%emt 00:01:07]}
6. Na3 {[%clk 01:30:25]} {[%emt 00:01:46]} e6 {[%clk 01:29:36]} {[%emt
00:01:23]} 7. Bd2 {[%clk 01:29:52]} {[%emt 00:01:04]} c6 {[%clk 01:25:42]}
{[%emt 00:04:24]} 8. Be2 {[%clk 01:30:10]} {[%emt 00:00:11]} Nd3+ {[%clk
01:25:14]} {[%emt 00:00:58]} 9. Bxd3 {[%clk 01:30:35]} {[%emt 00:00:06]} Bxd3
{[%clk 01:25:33]} {[%emt 00:00:11]} 10. Qb3 {[%clk 01:31:03]} {[%emt 00:00:02]}
Bxa3 {[%clk 01:21:48]} {[%emt 00:04:15]} 11. Qxd3 {[%clk 01:31:16]} {[%emt
00:00:17]} Be7 {[%clk 01:20:11]} {[%emt 00:02:07]} 12. Bc3 {[%clk 01:31:00]}
{[%emt 00:00:46]} O-O {[%clk 01:12:09]} {[%emt 00:08:32]} 13. h4 {[%clk
01:30:56]} {[%emt 00:00:34]} Re8 {[%clk 00:58:42]} {[%emt 00:13:56]} 14. Ng5
{[%clk 01:29:41]} {[%emt 00:01:46]} g6 {[%clk 00:51:14]} {[%emt 00:07:57]} 15.
f4 {[%clk 01:29:18]} {[%emt 00:00:53]} e5 {[%clk 00:47:53]} {[%emt 00:03:52]}
16. fxe5 {[%clk 01:28:14]} {[%emt 00:01:34]} Bxg5 {[%clk 00:47:45]} {[%emt
00:00:37]} 17. hxg5 {[%clk 01:28:23]} {[%emt 00:00:21]} Rxe5+ {[%clk 00:47:52]}
{[%emt 00:00:23]} 18. Kd2 {[%clk 01:28:23]} {[%emt 00:00:30]} Qxg5+ {[%clk
00:44:06]} {[%emt 00:04:16]} 19. Kc2 {[%clk 01:28:51]} {[%emt 00:00:02]} Qxg2+
{[%clk 00:43:53]} {[%emt 00:00:44]} 20. Kb3 {[%clk 01:29:14]} {[%emt 00:00:07]}
Qe2 {[%clk 00:35:09]} {[%emt 00:09:13]} 21. Qh3 {[%clk 01:29:26]} {[%emt
00:00:18]} Rh5 {[%clk 00:33:49]} {[%emt 00:01:50]} 22. Qc8+ {[%clk 01:29:51]}
{[%emt 00:00:05]} Kg7 {[%clk 00:34:06]} {[%emt 00:00:13]} 23. d5+ {[%clk
01:30:16]} {[%emt 00:00:05]} Kh6 {[%emt 00:04:20]} 24. Qf8+ {[%clk 01:29:36]}
Kg5 {[%emt 00:00:51]} 25. Qd8+ {[%clk 01:28:14]} {[%emt 00:01:02]} Kh6 {[%clk
00:30:53]} {[%emt 00:01:32]} 26. Qf8+ {[%clk 01:28:40]} {[%emt 00:00:04]} Kg5
{[%clk 00:31:17]} {[%emt 00:00:06]} 27. Rag1+ {[%clk 01:29:08]} {[%emt
00:00:02]} Kf4 {[%clk 00:31:15]} {[%emt 00:00:33]} 28. Qxf7+ {[%clk 01:29:25]}
{[%emt 00:00:12]} Rf5 {[%clk 00:31:19]} {[%emt 00:00:27]} 29. Qc7+ {[%clk
01:29:51]} {[%emt 00:00:04]} 1-0

[Event "ODJM B 2025"]
[Site "Willingen GER"]
[Date "2025.06.10"]
[Round "4"]
[White "Schächtelin, Jakob"]
[Black "Maraun, Lias"]
[Result "1-0"]
[Termination "normal"]
[Board "20"]
[WhiteElo "1811"]
[BlackElo "1763"]
[WhiteClock "00:47:12"]
[BlackClock "00:26:27"]
[PlyCount "47"]
[WhiteFideId "34620834"]
[BlackFideId "533017441"]
[EventCountry "GER"]
[EventRounds "9"]
[EventType "swiss"]
[EventDate "2025.06.07"]

1. e4 {[%clk 01:30:58]} {[%emt 00:00:01]} c5 {[%clk 01:30:33]} {[%emt
00:00:28]} 2. Nf3 {[%clk 01:31:24]} {[%emt 00:00:03]} e6 {[%clk 01:30:48]}
{[%emt 00:00:15]} 3. d4 {[%clk 01:31:52]} {[%emt 00:00:03]} cxd4 {[%clk
01:31:09]} {[%emt 00:00:09]} 4. Nxd4 {[%clk 01:32:18]} {[%emt 00:00:03]} a6
{[%clk 01:31:24]} {[%emt 00:00:15]} 5. Bd3 {[%clk 01:32:44]} {[%emt 00:00:03]}
Nf6 {[%clk 01:31:24]} {[%emt 00:00:32]} 6. Qe2 {[%clk 01:33:11]} {[%emt
00:00:02]} d6 {[%clk 01:25:53]} {[%emt 00:06:01]} 7. c4 {[%clk 01:33:04]}
{[%emt 00:00:36]} Nbd7 {[%clk 01:23:50]} {[%emt 00:02:34]} 8. Nc3 {[%clk
01:32:51]} {[%emt 00:00:43]} Qc7 {[%clk 01:21:12]} {[%emt 00:03:08]} 9. O-O
{[%clk 01:32:24]} {[%emt 00:00:55]} Ne5 {[%clk 01:18:39]} {[%emt 00:03:05]} 10.
Bg5 {[%clk 01:28:00]} {[%emt 00:04:53]} Nxd3 {[%clk 01:17:07]} {[%emt
00:02:03]} 11. Qxd3 {[%clk 01:28:13]} {[%emt 00:00:17]} Be7 {[%clk 01:15:55]}
{[%emt 00:01:42]} 12. Rad1 {[%clk 01:26:23]} {[%emt 00:02:19]} O-O {[%clk
01:11:14]} {[%emt 00:05:12]} 13. Kh1 {[%clk 01:17:49]} {[%emt 00:09:03]} b6
{[%clk 00:51:07]} {[%emt 00:20:38]} 14. f4 {[%clk 01:09:40]} {[%emt 00:08:38]}
Bb7 {[%clk 00:49:30]} {[%emt 00:02:08]} 15. b3 {[%clk 01:04:45]} {[%emt
00:05:25]} Rfd8 {[%clk 00:45:40]} {[%emt 00:04:20]} 16. f5 {[%clk 01:00:29]}
{[%emt 00:04:45]} d5 {[%clk 00:33:57]} {[%emt 00:12:13]} 17. cxd5 {[%clk
00:53:40]} {[%emt 00:07:19]} exd5 {[%clk 00:34:09]} {[%emt 00:00:19]} 18. e5
{[%clk 00:49:43]} {[%emt 00:04:27]} Qxe5 {[%clk 00:30:59]} {[%emt 00:03:40]}
19. Bf4 {[%clk 00:49:15]} {[%emt 00:00:57]} Qe4 {[%clk 00:28:25]} {[%emt
00:03:04]} 20. Nxe4 {[%clk 00:49:16]} {[%emt 00:00:29]} dxe4 {[%clk 00:28:49]}
{[%emt 00:00:07]} 21. Qe2 {[%clk 00:48:22]} {[%emt 00:01:22]} Rdc8 {[%clk
00:26:05]} {[%emt 00:03:16]} 22. Rc1 {[%clk 00:47:25]} {[%emt 00:01:26]} Bc5
{[%clk 00:26:13]} {[%emt 00:00:22]} 23. Rfd1 {[%clk 00:46:49]} {[%emt
00:01:06]} Rc7 {[%clk 00:26:27]} {[%emt 00:00:17]} 24. Bxc7 {[%clk 00:47:12]}
{[%emt 00:00:07]} 1-0